[Event "Druga liga Srbije grupa Vojvodina 2011"]
[Site "Vrbas"]
[Date "2011.09.25"]
[Round "1.6"]
[White "Marinovic, Bozidar"]
[Black "Tokovic, Svetozar"]
[Result "1-0"]
[WhiteElo "2405"]
[BlackElo "2219"]
[PlyCount "91"]
[EventDate "2011.09.25"]

1. e4 e6 2. d3 d5 3. Nd2 Nf6 4. Ngf3 c5 5. g3 Nc6 6. Bg2 Be7 7. O-O O-O 8. Re1
b5 9. exd5 exd5 10. d4 c4 11. Ne5 Bb7 12. Ndf3 Nd7 13. Bf4 Ndxe5 14. Nxe5 Nxe5
15. Bxe5 Bf6 16. Qf3 Bxe5 17. Rxe5 Re8 18. Rae1 Rxe5 19. Rxe5 Qd6 20. Qe2 Bc6
21. h4 h6 22. c3 a5 23. Qh5 Rd8 24. g4 b4 25. g5 hxg5 26. hxg5 bxc3 27. bxc3 g6
28. Qe2 Kf8 29. Bf3 Re8 30. Rxe8+ Bxe8 31. Qe5 Qxe5 32. dxe5 Bc6 33. Kh2 Ke7
34. Kg3 Bb7 35. Kf4 Kd7 36. Bg4+ Kc6 37. e6 fxe6 38. Bxe6 Kd6 39. Bf7 d4 40.
Bxg6 dxc3 41. Ke3 Kc5 42. a3 Bc6 43. Bc2 Bd5 44. f4 Bg8 45. Ke4 Bd5+ 46. Ke5
1-0

[Event "Druga liga Srbije grupa Vojvodina 2011"]
[Site "Vrbas"]
[Date "2011.09.25"]
[Round "1.6"]
[White "Rogac, Srdjan"]
[Black "Ivanovic, Miroslav"]
[Result "1/2-1/2"]
[WhiteElo "2299"]
[BlackElo "2177"]
[PlyCount "77"]
[EventDate "2011.09.25"]

1. e4 e6 2. d4 d5 3. e5 c5 4. c3 Nc6 5. Nf3 Bd7 6. Be2 Qb6 7. O-O Nh6 8. Na3
cxd4 9. cxd4 Nf5 10. Nc2 Rc8 11. b3 a5 12. g4 Nfe7 13. Be3 h5 14. h3 hxg4 15.
hxg4 Ng6 16. Kg2 Nb4 17. Nxb4 axb4 18. Rc1 Rc3 19. a4 Be7 20. Rh1 Rxh1 21. Kxh1
Nh4 22. Nxh4 Bxh4 23. Kg2 Be7 24. Bd2 Rc6 25. Be3 Rc3 26. Bd3 Rxc1 27. Qxc1 Qc6
28. Bd2 Qxc1 29. Bxc1 Kd8 30. f4 Kc7 31. f5 Kb6 32. Kf3 Ka5 33. Ke2 b5 34. axb5
Bxb5 35. Bf4 Bxd3+ 36. Kxd3 Kb5 37. fxe6 fxe6 38. g5 g6 39. Be3 1/2-1/2

[Event "Druga liga Srbije grupa Vojvodina 2011"]
[Site "Vrbas"]
[Date "2011.09.25"]
[Round "1.6"]
[White "Roganovic, Nebojsa"]
[Black "Jovic, Stevan"]
[Result "1-0"]
[WhiteElo "2194"]
[BlackElo "2292"]
[PlyCount "129"]
[EventDate "2011.09.25"]

1. e4 c6 2. d4 d5 3. exd5 cxd5 4. Nf3 Nf6 5. c3 Nc6 6. Bf4 Bf5 7. Nbd2 g6 8.
Ne5 Nxe5 9. Bxe5 Bg7 10. Qb3 O-O 11. Be2 Ne4 12. Nxe4 Bxe4 13. Bxg7 Kxg7 14.
O-O Rb8 15. a4 Qd6 16. Rfe1 Rfd8 17. Bf1 Qf6 18. Re3 Rd6 19. Rae1 Rb6 20. Qa2
Bf5 21. a5 Rd6 22. Rxe7 Be6 23. Rc7 Bd7 24. Qb3 Bc6 25. Rce7 Qf4 26. g3 Qf5 27.
Qd1 Rf6 28. Qd2 a6 29. Bd3 Qc8 30. Qe3 Bd7 31. Qe5 Be6 32. Re3 Qd8 33. Rf3 Qxe7
34. Rxf6 Qxf6 35. Qxb8 Qe7 36. Bf1 f6 37. Qf4 Bf5 38. Qe3 Qc7 39. b4 Kf7 40.
Bg2 Qc4 41. h4 Be6 42. Bf3 Qb3 43. g4 Qc2 44. g5 Qb1+ 45. Kh2 Qc2 46. Bg2 Qd1
47. Qf3 Qxf3 48. Bxf3 f5 49. Kg3 Ke7 50. Kf4 Kd6 51. Be2 Bf7 52. Ke3 Be8 53. c4
Bc6 54. b5 axb5 55. cxb5 Bd7 56. Kd2 Kc7 57. b6+ Kc6 58. Kc3 Bc8 59. Kb4 Kd6
60. f4 Kc6 61. Bb5+ Kd6 62. Ba4 Be6 63. a6 bxa6 64. Ka5 Bc8 65. Bd1 1-0

[Event "Druga liga Srbije grupa Vojvodina 2011"]
[Site "Vrbas"]
[Date "2011.09.25"]
[Round "1.6"]
[White "Strangar, Zlatko"]
[Black "Miranovic, Rajko"]
[Result "0-1"]
[WhiteElo "2203"]
[BlackElo "2376"]
[PlyCount "54"]
[EventDate "2011.09.25"]

1. e4 e5 2. Nf3 Nc6 3. Bb5 Nf6 4. Qe2 Bc5 5. c3 O-O 6. O-O d6 7. h3 Bb6 8. d3
Ne7 9. Nh4 h6 10. g4 Nh7 11. Kh2 Ng6 12. Nf5 Ng5 13. Na3 c6 14. Ba4 Ne6 15. Nc4
Bc7 16. Bc2 Ngf4 17. Qf3 Ng5 18. Qg3 Ngxh3 19. Bd2 d5 20. Bxf4 Nxf4 21. Nce3 d4
22. Ng2 dxc3 23. bxc3 Ne2 24. Qe3 Nf4 25. Rh1 Qg5 26. Rag1 Bxf5 27. gxf5 Qh5+
0-1